'Ilm al-ijtimā' al-rifī. (Record no. 49051)

MARC details
000 -LEADER
fixed length control field 00586cam a22002291 4500
001 - CONTROL NUMBER
control field ne 66001417
003 - CONTROL NUMBER IDENTIFIER
control field DLC
005 - DATE AND TIME OF LATEST TRANSACTION
control field 20260227111825.0
008 - FIXED-LENGTH DATA ELEMENTS--GENERAL INFORMATION
fixed length control field 890127s1966 xx 000 0 ara
010 ## - LIBRARY OF CONGRESS CONTROL NUMBER
LC control number ne 66001417
035 ## - SYSTEM CONTROL NUMBER
System control number (OCoLC)23482752
040 ## - CATALOGING SOURCE
Original cataloging agency DLC
Transcribing agency MiU
Modifying agency DLC
042 ## - AUTHENTICATION CODE
Authentication code premarc
050 00 - LIBRARY OF CONGRESS CALL NUMBER
Classification number HN783.5
Item number .A64 1966
100 1# - MAIN ENTRY--PERSONAL NAME
Personal name Aḥmad, ʻAlī Fuʼād.
245 10 - TITLE STATEMENT
Title 'Ilm al-ijtimā' al-rifī.
260 ## - PUBLICATION, DISTRIBUTION, ETC.
Date of publication, distribution, etc. [1966]
300 ## - PHYSICAL DESCRIPTION
Extent 8, 388 p.
Dimensions 24 cm.
504 ## - BIBLIOGRAPHY, ETC. NOTE
Bibliography, etc. note Bibliographical footnotes.
650 #0 - SUBJECT ADDED ENTRY--TOPICAL TERM
Topical term or geographic name entry element Sociology, Rural
651 #0 - SUBJECT ADDED ENTRY--GEOGRAPHIC NAME
Geographic name Egypt
General subdivision Rural conditions.

No items available.

Powered by Koha